<?xml version="1.0" encoding="UTF-8"?>
<record
    xmlns:xsi="http://www.w3.org/2001/XMLSchema-instance"
    xsi:schemaLocation="http://www.loc.gov/MARC21/slim http://www.loc.gov/standards/marcxml/schema/MARC21slim.xsd"
    xmlns="http://www.loc.gov/MARC21/slim">

  <leader>01073cam a22002535a 4500</leader>
  <controlfield tag="003">OSt</controlfield>
  <controlfield tag="005">20201124142114.0</controlfield>
  <controlfield tag="008">101017k19531954ua ||||fr||||f00| 0 ara d</controlfield>
  <datafield tag="040" ind1=" " ind2=" ">
    <subfield code="a">EG-ScBUE </subfield>
    <subfield code="b">ara</subfield>
    <subfield code="c">EG-ScBUE </subfield>
  </datafield>
  <datafield tag="041" ind1=" " ind2=" ">
    <subfield code="a">ara</subfield>
    <subfield code="h">fr</subfield>
  </datafield>
  <datafield tag="082" ind1="0" ind2="4">
    <subfield code="a">340.11</subfield>
    <subfield code="b">&#x645; &#x648; &#x646;</subfield>
    <subfield code="2">22</subfield>
  </datafield>
  <datafield tag="245" ind1="1" ind2="0">
    <subfield code="a">&#x631;&#x648;&#x62D; &#x627;&#x644;&#x634;&#x631;&#x627;&#x626;&#x639; =</subfield>
    <subfield code="b">De l'esprit des lois /</subfield>
    <subfield code="c">&#x645;&#x648;&#x646;&#x62A;&#x633;&#x643;&#x64A;&#x648; &#x61B; &#x62A;&#x631;&#x62C;&#x645;&#x629; &#x639;&#x627;&#x62F;&#x644; &#x632;&#x639;&#x64A;&#x62A;&#x631;</subfield>
  </datafield>
  <datafield tag="260" ind1=" " ind2=" ">
    <subfield code="a">&#x627;&#x644;&#x642;&#x627;&#x647;&#x631;&#x629; &#x61B;</subfield>
    <subfield code="a">[ &#x62F;.&#x645;] &#x61B;</subfield>
    <subfield code="a">&#x628;&#x64A;&#x631;&#x648;&#x62A; :</subfield>
    <subfield code="b"> &#x627;&#x644;&#x644;&#x62C;&#x646;&#x647; &#x627;&#x644;&#x62F;&#x648;&#x644;&#x64A;&#x647; &#x644;&#x62A;&#x631;&#x62C;&#x645;&#x629; &#x627;&#x644;&#x631;&#x648;&#x627;&#x626;&#x639; &#x627;&#x644;&#x627;&#x646;&#x633;&#x627;&#x646;&#x64A;&#x629;&#x60C;</subfield>
    <subfield code="b">&#x627;&#x644;&#x644;&#x62C;&#x646;&#x647; &#x627;&#x644;&#x62F;&#x648;&#x644;&#x64A;&#x647; &#x644;&#x62A;&#x631;&#x62C;&#x645;&#x629; &#x627;&#x644;&#x631;&#x648;&#x627;&#x626;&#x639; &#x60C;</subfield>
    <subfield code="b">&#x62F;&#x627;&#x631; &#x627;&#x644;&#x645;&#x639;&#x627;&#x631;&#x641; &#x60C;</subfield>
    <subfield code="c">1953-1954.</subfield>
  </datafield>
  <datafield tag="300" ind1=" " ind2=" ">
    <subfield code="a">2 &#x645;&#x62C; &#x61B;</subfield>
    <subfield code="c">30 &#x633;&#x645;.</subfield>
  </datafield>
  <datafield tag="546" ind1=" " ind2=" ">
    <subfield code="a">&#x623;&#x635;&#x644; &#x627;&#x644;&#x639;&#x645;&#x644; &#x645;&#x62A;&#x631;&#x62C;&#x645; &#x645;&#x646; &#x627;&#x644;&#x641;&#x631;&#x646;&#x633;&#x64A;&#x647; .</subfield>
  </datafield>
  <datafield tag="590" ind1=" " ind2=" ">
    <subfield code="a">doaa mohamed</subfield>
  </datafield>
  <datafield tag="650" ind1=" " ind2=" ">
    <subfield code="a">&#x627;&#x644;&#x642;&#x627;&#x646;&#x648;&#x646; &#x627;&#x644;&#x645;&#x62F;&#x646;&#x64A;</subfield>
    <subfield code="9">21750</subfield>
    <subfield code="2">BUEsh</subfield>
  </datafield>
  <datafield tag="650" ind1=" " ind2=" ">
    <subfield code="a">&#x627;&#x644;&#x627;&#x644;&#x62A;&#x632;&#x627;&#x645;&#x627;&#x62A;</subfield>
    <subfield code="9">21897</subfield>
    <subfield code="2">BUEsh</subfield>
  </datafield>
  <datafield tag="650" ind1=" " ind2=" ">
    <subfield code="9">20435</subfield>
    <subfield code="2">BUEsh</subfield>
  </datafield>
  <datafield tag="651" ind1=" " ind2=" ">
    <subfield code="2">BUEsh</subfield>
  </datafield>
  <datafield tag="653" ind1=" " ind2=" ">
    <subfield code="b">ARALIT</subfield>
    <subfield code="c">August2015</subfield>
  </datafield>
  <datafield tag="710" ind1=" " ind2=" ">
    <subfield code="a">&#x627;&#x644;&#x644;&#x62C;&#x646;&#x629; &#x627;&#x644;&#x62F;&#x648;&#x644;&#x64A;&#x629; &#x644;&#x62A;&#x631;&#x62C;&#x645;&#x629; &#x627;&#x644;&#x631;&#x648;&#x627;&#x626;&#x639; &#x627;&#x644;&#x625;&#x646;&#x633;&#x627;&#x646;&#x64A;&#x629;</subfield>
    <subfield code="9">20438</subfield>
  </datafield>
  <datafield tag="942" ind1=" " ind2=" ">
    <subfield code="c">BB</subfield>
    <subfield code="k">346 &#x645; &#x648; &#x646;</subfield>
    <subfield code="2">ddc</subfield>
  </datafield>
  <datafield tag="999" ind1=" " ind2=" ">
    <subfield code="c">7395</subfield>
    <subfield code="d">7395</subfield>
  </datafield>
  <datafield tag="952" ind1=" " ind2=" ">
    <subfield code="0">0</subfield>
    <subfield code="1">0</subfield>
    <subfield code="2">ddc</subfield>
    <subfield code="4">0</subfield>
    <subfield code="7">0</subfield>
    <subfield code="8">Alef-Baa</subfield>
    <subfield code="a">MAIN</subfield>
    <subfield code="b">MAIN</subfield>
    <subfield code="c">1ST</subfield>
    <subfield code="d">2011-01-11</subfield>
    <subfield code="e">purchase</subfield>
    <subfield code="o">340.11 &#x645; &#x648; &#x646;</subfield>
    <subfield code="p">000008866</subfield>
    <subfield code="r">2025-07-15 00:00:00</subfield>
    <subfield code="s">2020-02-11</subfield>
    <subfield code="y">BB</subfield>
    <subfield code="z">&#x62C; 1</subfield>
  </datafield>
  <datafield tag="952" ind1=" " ind2=" ">
    <subfield code="0">0</subfield>
    <subfield code="1">0</subfield>
    <subfield code="2">ddc</subfield>
    <subfield code="4">0</subfield>
    <subfield code="7">0</subfield>
    <subfield code="8">Alef-Baa</subfield>
    <subfield code="a">MAIN</subfield>
    <subfield code="b">MAIN</subfield>
    <subfield code="c">1ST</subfield>
    <subfield code="d">2010-10-17</subfield>
    <subfield code="e">purchase</subfield>
    <subfield code="o">340.11 &#x645; &#x648; &#x646;</subfield>
    <subfield code="p">000008865</subfield>
    <subfield code="r">2025-07-15 00:00:00</subfield>
    <subfield code="s">2016-11-30</subfield>
    <subfield code="y">BB</subfield>
    <subfield code="z">&#x62C; 2</subfield>
  </datafield>
</record>
